Využitie TiB2 pri výrobe hliníka

Na minha lista:
Detalhes bibliográficos
Autor principal: Benköová, Michaela (Author)
Outros Autores: Híveš, Ján (Thesis advisor)
Formato: Manuscrito Livro
Idioma:eslovaco
Publicado em: 2017
Assuntos:
Acesso em linha:http://is.stuba.sk/zp/portal_zp.pl?podrobnosti=118575
Tags: Adicionar Tag
Sem tags, seja o primeiro a adicionar uma tag!

MARC

LEADER 00000ntm a22000003a 4500
001 stuzp64939
003 SK-STU
005 20170715211004.3
007 ta
008 150427s2015----xo-----f-mn---000-0-slo-d
040 |a STU  |b slo 
041 0 |a slo 
100 1 |a Benköová, Michaela  |u 042120  |4 aut  |U FCHPT Ústav anorganickej chémie, technológie a materiálov  |T FCHPT Oddelenie anorganickej technológie  |X 76414  |U C2120  |Y 111  |7 76414 
242 0 1 |a Application of TiB2 for aluminium industry  |y eng 
245 1 0 |a Využitie TiB2 pri výrobe hliníka 
260 |c 2017 
650 4 |a hliník  |2 slo 
650 4 |a diborid titánu  |2 slo 
650 4 |a inertné materiály  |2 slo 
650 4 |a "hot press“  |2 slo 
650 4 |a zmáčavosť  |2 slo 
650 4 |a kontaktný uhol  |2 slo 
650 4 |a titanium diboride  |2 eng 
650 4 |a inert materials  |2 eng 
650 4 |a "hot-press"  |2 eng 
650 4 |a wettability  |2 eng 
650 4 |a contact angle  |2 eng 
650 4 |a aluminium  |2 eng 
700 1 |a Híveš, Ján  |u 042000  |k Z1  |4 ths  |U FCHPT Fakulta chemickej a potravinárskej technológie  |T FCHPT Ústav anorganickej chémie, technológie a materiálov  |X 3380  |U C2000  |Y 1  |7 A000003380 
856 4 |u http://is.stuba.sk/zp/portal_zp.pl?podrobnosti=118575